Emperors of the Byzantine Empire - with Pictures - Statistics

General Stats
  • This quiz has been taken 86 times
  • The average score is 38 of 80
Answer Stats
Picture Hint Answer % Correct
527-565 (Justinian dynasty) Justinian I the Great
98%
518-527 (Justinian dynasty) Justin I
88%
610-641 (Heraclian dynasty) Heraclius
81%
565-578 (Justinian dynasty) Justin II
76%
602-610 Phocas
75%
976-1025 (Macedonian dynasty) Basil II the Bulgar Slayer
64%
641 (Heraclian dynasty) Constantine III
63%
578-582 (Justinian dynasty) Tiberius II Constantine
63%
668-685 (Heraclian dynasty) Constantine IV the Younger
61%
1449-1453 (Palaiologos dynasty) Constantine XI Palaiologos
61%
867-886 (Macedonian dynasty) Basil I the Macedonian
59%
913-959 (Macedonian dynasty) Constantine VII Porphyrogenitus
59%
685-695 (Heraclian dynasty) Justinian II
59%
582-602 (Justinian dynasty) Maurice
59%
886-912 (Macedonian dynasty) Leo VI the Wise
58%
969-976 (Macedonian dynasty) John I Tzimiskes
56%
705-711 (Twenty Years' Anarchy) Justinian II
56%
1042 (Macedonian dynasty) Zoe Porphyrogenita
56%
1118-1143 (Komnenos dynasty) John II Komnenos
54%
1143-1180 (Komnenos dynasty) Manuel I Komnenos
54%
717-741 (Isaurian dynasty) Leo III the Isaurian
53%
775-780 (Isaurian dynasty) Leo IV the Khazar
53%
1042-1055 (Macedonian dynasty) Constantine IX
51%
1059-1067 (Doukas dynasty) Constantine X Doukas
51%
813-820 Leo V the Armenian
51%
920-944 Romanos I
51%
1081-1118 (Komnenos dynasty) Alexios I Komnenos
49%
741-775 (Isaurian dynasty) Constantine V
49%
1025-1028 (Macedonian dynasty) Constantine VIII
49%
797-802 (Isaurian dynasty) Irene of Athens
49%
1057-1059 (Komnenos dynasty) Isaac I Komnenos
49%
1185-1195 (Angelos dynasty) Isaac II Angelos
47%
1425-1448 (Palaiologos dynasty) John VIII Palaiologos
47%
1390-1391 (Palaiologos dynasty) John V Palaiologos
47%
959-963 (Macedonian dynasty) Romanos II
47%
641-668 (Heraclian dynasty) Constans II the Bearded
46%
811-813 (Nikephorian dynasty) Michael I
46%
842-867 (Amorian dynasty) Michael III the Drunkard
46%
820-829 (Amorian dynasty) Michael II the Amorian
46%
802-811 (Nikephorian dynasty) Nikephoros I
46%
780-797 (Isaurian dynasty) Constantine VI
44%
1341-1376 (Palaiologos dynasty) John V Palaiologos
44%
1379-1390 (Palaiologos dynasty) John V Palaiologos
44%
1195-1203 (Angelos dynasty) Alexios III
42%
1390 (Palaiologos dynasty) John VII Palaiologos
42%
1391-1425 (Palaiologos dynasty) Manuel II Palaiologos
42%
1034-1041 (Macedonian dynasty) Michael IV the Paphlagonian
42%
1041-1042 (Macedonian dynasty) Michael V
42%
1068-1071 (Doukas dynasty) Romanos IV Diogenes
42%
1042 (Macedonian dynasty) Theodora
42%
1055-1056 (Macedonian dynasty) Theodora
42%
912-913 (Macedonian dynasty) Alexander
41%
1180-1183 (Komnenos dynasty) Alexios II Komnenos
41%
1056-1057 Michael VI
41%
963-969 (Macedonian dynasty) Nikephoros II Phocas
41%
1203-1204 (Angelos dynasty) Alexios IV
39%
1204 (Angelos dynasty) Alexios V
39%
1221-1254 (Laskaris dynasty) John III Vatatzes
39%
1347-1354 John VI Kanzakouzenos
39%
1071-1078 (Doukas dynasty) Michael VII
39%
1259-1282 (Palaiologos dynasty) Michael VIII Palaiologos
39%
698-705 (Twenty Years' Anarchy) Tiberius III
39%
1183-1185 (Komnenos dynasty) Andronikos I Komnenos
37%
1258-1261 (Laskaris dynasty) John IV
36%
695-698 (Twenty Years' Anarchy) Leontius
36%
713-715 (Twenty Years' Anarchy) Anastasius II
34%
641 (Heraclian dynasty) Heraclonas
34%
1078-1081 (Doukas dynasty) Nikephoros III
34%
1028-1034 (Macedonian dynasty) Romanos III
34%
811 (Nikephorian dynasty) Staurakios
34%
741-743 (Isaurian dynasty) Artabasdos
32%
1294-1320 (Palaiologos dynasty) Michael IX Palaiologos
32%
1254-1258 (Laskaris dynasty) Theodore II
32%
1205-1221 (Laskaris dynasty) Theodore I Laskaris
32%
711-713 (Twenty Years' Anarchy) Philippicus
31%
829-842 (Amorian dynasty) Theophilos
31%
1328-1341 (Palaiologos dynasty) Andronikos III Palaiologos
29%
1282-1328 (Palaiologos dynasty) Andronikos II Palaiologos
29%
1376-1379 (Palaiologos dynasty) Andronikos IV Palaiologos
29%
715-717 (Twenty Years' Anarchy) Theodosius III
27%
No matching quizzes found
Score Distribution
Percent of People with Each Score
Percentile by Number Answered
Your Score History
You have not taken this quiz